000 00826nam a22002057a 4500
003 CUTN
005 20230405121206.0
008 230405b |||||||| |||| 00| 0 eng d
020 _a9789388191166
041 _aEnglish
082 _a338.5
_bSCH
100 _aSchmalensee, Richard L.
245 _aApplied Microeconomics /
_bProblems in Estimation, Forecasting, and Decision-Making; Student’s Manual:
_cRichard L. Schmalensee
260 _aChennai:
_bMaven Books,
_c2021.
300 _a116p.:
_bill.:
_c5.5 x 0.33 x 8.5 inches
505 _t1. Introduction, 2. Ecanometric Methods, 3. The Estimation Exercises, 4. Competitive and Manpoly Pricing, 5. The Forecasting problems, 6. Pricing in Oligopolistic Markets, 7. The Decision-Making Exercise
650 _aMicroeconomics
690 _aEconomics
942 _2ddc
_cBOOKS
999 _c38374
_d38374